[Event "VIE-ch U13 Girls"]
[Site "Ho Chi Minh City"]
[Date "2022.07.15"]
[Round "7"]
[White "Quan, My Linh"]
[Black "Bui, Thi Kim Khanh"]
[Result "1-0"]
[WhiteElo "2134"]
[BlackElo "2132"]
[PlyCount "271"]
[EventDate "2022.07.11"]
[EventType "swiss"]
[EventRounds "9"]
[EventCountry "VIE"]
[SourceTitle "EXT 2023"]
[Source "ChessBase"]
[SourceDate "2022.10.05"]
[SourceVersion "1"]
[SourceVersionDate "2022.10.05"]
[SourceQuality "1"]

1. e4 e6 2. d4 d5 3. Nd2 Nf6 4. e5 Nfd7 5. Bd3 c5 6. c3 Nc6 7. Ne2 Qb6 8. Nf3 Be7 9. 0-0 Qd8 10. a3 a6 11. b4 c4 12. Bc2 b5 13. Nf4 Bb7 14. Ne1 g6 15. Qg4 Nf8 16. Nh3 Qd7 17. Ng5 Bxg5 18. Bxg5 h5 19. Qf4 Nh7 20. Nf3 Nxg5 21. Nxg5 Qe7 22. a4 Rc8 23. Rfe1 Rc7 24. Re3 Nd8 25. axb5 axb5 26. Ra5 Bc6 27. Re1 Rb7 28. Rea1 Rc7 29. Qf6 Qxf6 30. exf6 Rf8 31. h4 Kd7 32. Nf3 Rb7 33. Ne5+ Kc7 34. Ra8 Rb8 35. R1a7+ Kc8 36. Rxb8+ Kxb8 37. Ra5 Kb7 38. Kh2 Kb6 39. Kg3 Nb7 40. Ra1 Nd6 41. Kf4 Rh8 42. Kg5 Rf8 43. Kh6 Ne8 44. g3 Rh8+ 45. Kg5 Rf8 46. f3 Nc7 47. g4 hxg4 48. fxg4 Ne8 49. h5 gxh5 50. gxh5 Rg8+ 51. Kf4 Nxf6 52. h6 Nh5+ 53. Kf3 Be8 54. Rh1 f6 55. h7 Rh8 56. Ng6 Rxh7 57. Nf4 f5 58. Nxe6 Re7 59. Bxf5 Ng7 60. Nxg7 Rxg7 61. Rh6+ Bc6 62. Be6 Kc7 63. Kf4 Kd6 64. Bf5+ Kc7 65. Ke5 Rg3 66. Rh7+ Kb6 67. Rh3 Rg5 68. Kf6 Rg1 69. Ke6 Rg8 70. Rh6 Re8+ 71. Kd6 Rd8+ 72. Ke5 Re8+ 73. Re6 Rg8 74. Rg6 Re8+ 75. Re6 Rg8 76. Rg6 Re8+ 77. Be6 Kc7 78. Rg7+ Kb6 79. Kd6 Rh8 80. Rg6 Rd8+ 81. Ke5 Kc7 82. Rg7+ Kb6 83. Re7 Rh8 84. Rf7 Re8 85. Kd6 Rd8+ 86. Bd7 Kb7 87. Ke6 Kc7 88. Bxc6+ Kxc6 89. Rf6 Kc7 90. Rf5 Kc6 91. Rf6 Kc7 92. Ke5 Rd7 93. Re6 Rd8 94. Ra6 Rh8 95. Kxd5 Rh5+ 96. Ke4 Rh4+ 97. Kf5 Rh5+ 98. Kg4 Rh8 99. Rg6 Re8 100. Kf4 Kb7 101. Rg5 Kb6 102. Re5 Rh8 103. Re3 Kc6 104. Re6+ Kb7 105. d5 Rh4+ 106. Ke3 Kc7 107. Re4 Rh5 108. Kd4 Kd6 109. Re6+ Kd7 110. Rb6 Rh4+ 111. Kc5 Rh3 112. Rxb5 Rxc3 113. Kd4 Rc1 114. Rc5 Rd1+ 115. Kxc4 Rc1+ 116. Kb5 Ra1 117. Kb6 Ra8 118. Kb7 Ra4 119. b5 Kd6 120. Rc1 Kxd5 121. b6 Kd6 122. Kb8 Kd7 123. b7 Ra2 124. Rd1+ Ke7 125. Rc1 Kd8 126. Rd1+ Ke7 127. Rd5 Ke6 128. Rd3 Ke7 129. Rd4 Ke6 130. Kc7 Rc2+ 131. Kb6 Rb2+ 132. Kc6 Ke7 133. Rd5 Rc2+ 134. Rc5 Rb2 135. Rb5 Rc2+ 136. Kb6 1-0

[Event "VIE-ch U13 Girls"]
[Site "Hanoi"]
[Date "2022.06.15"]
[Round "6"]
[White "Nguyen, Bao Chau"]
[Black "Bui, Thi Kim Khanh"]
[Result "1/2-1/2"]
[WhiteElo "2156"]
[BlackElo "2147"]
[PlyCount "20"]
[EventDate "2022.06.11"]
[EventType "swiss"]
[EventRounds "9"]
[EventCountry "VIE"]
[SourceTitle "EXT 2023"]
[Source "ChessBase"]
[SourceDate "2022.10.05"]
[SourceVersion "1"]
[SourceVersionDate "2022.10.05"]
[SourceQuality "1"]

1. c4 e6 2. g3 d5 3. cxd5 exd5 4. d4 Bd6 5. Bg2 Nf6 6. Nc3 c6 7. Nf3 0-0 8. 0-0 Re8 9. e3 Nbd7 10. Bd2 Nb6 1/2-1/2

[Event "VIE-ch U13 Girls"]
[Site "Hanoi"]
[Date "2022.06.14"]
[Round "5"]
[White "Bui, Thi Kim Khanh"]
[Black "Dang, Thu Thuy"]
[Result "1-0"]
[WhiteElo "2147"]
[BlackElo "2131"]
[PlyCount "95"]
[EventDate "2022.06.11"]
[EventType "swiss"]
[EventRounds "9"]
[EventCountry "VIE"]
[SourceTitle "EXT 2023"]
[Source "ChessBase"]
[SourceDate "2022.10.05"]
[SourceVersion "1"]
[SourceVersionDate "2022.10.05"]
[SourceQuality "1"]

1. d4 d5 2. c4 e6 3. Nc3 Nf6 4. Bg5 c6 5. e3 Nbd7 6. Nf3 Qa5 7. Nd2 Bb4 8. Qc2 0-0 9. Bh4 Re8 10. Nb3 Qc7 11. Bg3 Bd6 12. cxd5 Bxg3 13. hxg3 exd5 14. Bd3 h6 15. Ne2 Ne4 16. Bxe4 Rxe4 17. Nc3 Re8 18. Nxd5 Qd6 19. Nf4 Nf6 20. 0-0 Nd5 21. Qc5 Qxc5 22. Nxc5 Nxf4 23. gxf4 b6 24. Nb3 Be6 25. Nd2 Red8 26. Ne4 Bd5 27. Nc3 Rac8 28. Rfd1 f5 29. Rac1 Kf7 30. Rc2 Be6 31. Rcc1 Bd5 32. b3 Kf6 33. f3 Re8 34. Kf2 Kg6 35. Re1 Rcd8 36. Nxd5 cxd5 37. Rc7 Ra8 38. Rec1 Kh7 39. R1c6 Red8 40. Ke2 Kg8 41. Rg6 Rdc8 42. Rgxg7+ Kf8 43. Rgf7+ Kg8 44. g4 fxg4 45. fxg4 a5 46. Rfd7 Rxc7 47. Rxc7 Rd8 48. Rc6 1-0

[Event "VIE-ch U13 Girls"]
[Site "Hanoi"]
[Date "2022.06.13"]
[Round "3"]
[White "Bui, Thi Kim Khanh"]
[Black "Doan, Nguyen Y Nhien"]
[Result "1-0"]
[WhiteElo "2147"]
[BlackElo "2136"]
[PlyCount "61"]
[EventDate "2022.06.11"]
[EventType "swiss"]
[EventRounds "9"]
[EventCountry "VIE"]
[SourceTitle "EXT 2023"]
[Source "ChessBase"]
[SourceDate "2022.10.05"]
[SourceVersion "1"]
[SourceVersionDate "2022.10.05"]
[SourceQuality "1"]

1. d4 d6 2. c4 Nf6 3. Nc3 c6 4. e4 Qa5 5. Bd3 e5 6. dxe5 dxe5 7. Nf3 Bb4 8. Bd2 Qc7 9. a3 Bxc3 10. Bxc3 Nbd7 11. 0-0 0-0 12. Bc2 Re8 13. Qe2 Nc5 14. b4 Na6 15. h3 Nh5 16. Bd2 Qd6 17. Be3 Nc7 18. Rfd1 Qf6 19. Ne1 Ne6 20. Qxh5 Nf4 21. Bxf4 exf4 22. e5 g6 23. exf6 gxh5 24. Rd4 Be6 25. Rxf4 Rad8 26. Nf3 b5 27. cxb5 cxb5 28. Ng5 h6 29. Nxe6 Rxe6 30. Bb3 Re5 31. Rc1 1-0

[Event "VIE-ch U13 Girls"]
[Site "Hanoi"]
[Date "2022.06.13"]
[Round "4"]
[White "Le, Tran Minh Nha"]
[Black "Bui, Thi Kim Khanh"]
[Result "1-0"]
[WhiteElo "2138"]
[BlackElo "2147"]
[PlyCount "123"]
[EventDate "2022.06.11"]
[EventType "swiss"]
[EventRounds "9"]
[EventCountry "VIE"]
[SourceTitle "EXT 2023"]
[Source "ChessBase"]
[SourceDate "2022.10.05"]
[SourceVersion "1"]
[SourceVersionDate "2022.10.05"]
[SourceQuality "1"]

1. e4 e6 2. d4 d5 3. exd5 exd5 4. Nf3 Bd6 5. Bd3 Nf6 6. 0-0 0-0 7. Bg5 h6 8. Bh4 Be6 9. c3 Nbd7 10. Nbd2 c6 11. Re1 Qc7 12. Bg3 Bxg3 13. hxg3 Bg4 14. Qc2 Rfe8 15. Nh2 Nf8 16. Ndf3 Bxf3 17. Nxf3 N8d7 18. Nh4 b6 19. c4 Rac8 20. Nf5 Nf8 21. c5 Rxe1+ 22. Rxe1 Ne6 23. Qc3 Ne8 24. a4 Rb8 25. cxb6 Qxb6 26. Ne7+ Kh8 27. Qxc6 Qxd4 28. Qxd5 Qxd5 29. Nxd5 Rxb2 30. Bf5 Rd2 31. Nf4 N8c7 32. Bxe6 Nxe6 33. Nxe6 fxe6 34. Rxe6 Rd5 35. Ra6 Rd7 36. f3 Kg8 37. Kf2 Re7 38. f4 Kf7 39. Kf3 Kg8 40. g4 Kf7 41. f5 Kf8 42. Kf4 Kf7 43. g3 Kf8 44. Kf3 Kf7 45. Kf4 Kf8 46. g5 hxg5+ 47. Kxg5 Kf7 48. g4 Rc7 49. Kh5 Rd7 50. g5 Ke7 51. Kg6 Ke8 52. Re6+ Kf8 53. a5 Rc7 54. a6 Rd7 55. Rc6 Rd8 56. Rc7 Rd6+ 57. f6 gxf6 58. gxf6 Rd8 59. Rxa7 Kg8 60. Rb7 Ra8 61. a7 Rxa7 62. Rb8# 1-0

[Event "VIE-ch U13 Girls"]
[Site "Hanoi"]
[Date "2022.06.11"]
[Round "1"]
[White "Bui, Thi Kim Khanh"]
[Black "Nguyen, Thanh Thuy"]
[Result "1/2-1/2"]
[WhiteElo "2147"]
[BlackElo "2130"]
[PlyCount "142"]
[EventDate "2022.06.11"]
[EventType "swiss"]
[EventRounds "9"]
[EventCountry "VIE"]
[SourceTitle "EXT 2023"]
[Source "ChessBase"]
[SourceDate "2022.10.05"]
[SourceVersion "1"]
[SourceVersionDate "2022.10.05"]
[SourceQuality "1"]

1. d4 Nf6 2. c4 g6 3. Nc3 d5 4. cxd5 Nxd5 5. Nxd5 Qxd5 6. e3 Bg7 7. Nf3 Nd7 8. Bd2 c5 9. Bc3 cxd4 10. Bxd4 Qa5+ 11. Qd2 Qxd2+ 12. Kxd2 0-0 13. Bxg7 Kxg7 14. Be2 Rd8 15. Rhd1 Nf6+ 16. Ke1 Bf5 17. Nd4 e6 18. Nxf5+ gxf5 19. Bf3 e5 20. a3 e4 21. Be2 Ng4 22. Bxg4 fxg4 23. Rxd8 Rxd8 24. Rc1 Rd7 25. Ke2 Kg6 26. Rc4 f5 27. Rd4 Rc7 28. Kd2 Kg5 29. Rd6 h6 30. g3 h5 31. Kd1 h4 32. Kd2 hxg3 33. hxg3 b6 34. b4 Rc4 35. Rd7 a5 36. Rd4 Rc6 37. bxa5 bxa5 38. Rd5 Rc8 39. Rxa5 Rd8+ 40. Kc2 Rc8+ 41. Kb2 Rb8+ 42. Ka2 Rd8 43. Rb5 Kf6 44. Rb2 Rd3 45. Rc2 Ke6 46. a4 Kd6 47. Kb2 Kd7 48. Kb1 Rd1+ 49. Rc1 Rd2 50. Rc2 Rd1+ 51. Kb2 Rd3 52. Kc1 Ra3 53. Rc4 Ra2 54. Rc2 Rxa4 55. Kd2 Kd6 56. Kc3 Ra3+ 57. Kb4 Rd3 58. Kc4 Ke6 59. Rb2 Kf6 60. Rb6+ Kg5 61. Rb2 Rd1 62. Kc3 Rd3+ 63. Kc2 Kf6 64. Rb3 Rd7 65. Rb4 Ke5 66. Rb5+ Kf6 67. Ra5 Kg5 68. Ra4 Kf6 69. Rd4 Rh7 70. Kd2 Ke5 71. Ke2 Ra7 1/2-1/2

[Event "VIE-ch U11 Girls"]
[Site "Hanoi"]
[Date "2020.??.??"]
[Round "5"]
[White "Bui, Thi Kim Khanh"]
[Black "Pham, Nguyen Ha Anh"]
[Result "1-0"]
[WhiteElo "2249"]
[BlackElo "2244"]
[PlyCount "59"]
[EventDate "2020.10.22"]
[EventType "tourn"]
[EventRounds "7"]
[EventCountry "VIE"]
[SourceTitle "EXT 2022"]
[Source "ChessBase"]
[SourceDate "2021.10.06"]
[SourceVersion "1"]
[SourceVersionDate "2021.10.06"]
[SourceQuality "1"]

1. d4 d5 2. c4 e6 3. Nc3 Nf6 4. Bg5 Be7 5. e3 c6 6. Nf3 dxc4 7. Bxc4 b5 8. Bb3 0-0 9. 0-0 Nbd7 10. Rc1 Ba6 11. Re1 h6 12. Bh4 Bb7 13. h3 c5 14. Nxb5 cxd4 15. Nbxd4 Bb4 16. Rf1 Nb6 17. a3 Ba6 18. axb4 Bxf1 19. Qxf1 Nbd5 20. Bxd5 Qxd5 21. Rc5 Qd6 22. Bg3 Qb6 23. Qc4 Ne4 24. Rc6 Qd8 25. Bc7 Qe7 26. Nxe6 Rfc8 27. Qxe4 Rxc7 28. Rxc7 Qxe6 29. Qxa8+ Kh7 30. Qxa7 1-0